00548nam a22001577a 450000500170000001000150001702000260003203500140005803700130007208200080008510000330009324501230012626000410024927000800029030000200037020200302113947.0 aENG-127945 a9788175247765c800.00 aEN-111478 bDBAD/PUB a796 aRathod,Murlidhar Shankar Rao aSociological Foundation of Physical Education and Sports/cby Murlidhar Shankar Rao Rathod [and] Manik Meharban Rathod aNew DelhibKhel Sahitya Kendrac2016 a7/26, Ansari Road, DaryaganjbNew Delhie110002mkhelsahitya@rediffmail.com a266p.c23cm(hb)